Mariage d'automne
| Auteur principal : | Marie Gaston |
|---|---|
| Titre : | Mariage d'automne |
| Support : | Livres à gros caractères |
| Langue : | Francais |
| Publié : |
DL 2021 La Loupe Paris |
| Genre : |
Roman |
| Collection : |
Terroir |
| Sujets : | |
| Étiquettes : |
Pas de tags
|
| LEADER | 01384nam0a2200217 450 | ||
|---|---|---|---|
| 001 | 16867893 | ||
| 010 | |a 978-2-38299-030-8 |b br. |d 22 | ||
| 100 | |a 20260320d2026 u u0frey01 ba | ||
| 101 | 0 | |a fre | |
| 102 | |a FR | ||
| 200 | 0 | |a Mariage d'automne |f Marie Gaston | |
| 205 | |a [Ed.] en gros caractères | ||
| 207 | 1 | |a | |
| 210 | |a Paris |c La Loupe |d DL 2021 | ||
| 215 | |a 1 vol. (336 p.) |d 22 cm | ||
| 225 | 1 | |a Terroir | |
| 330 | |a Au tournant de la cinquantaine, Antoine Sognat, fortune faite dans la capitale, décide de regagner sa province natale. Issu dune fratrie de treize enfants, ce fils dagriculteurs porte en lui un obsédant regret et rentre au pays, à lautomne de la vie, le cur vide. Mais ce quil ignore encore, cest que, parfois, les saisons nen font quà leur tête. Limprobable rencontre avec Marie, linstitutrice, fait dautant plus jaser quelle se conclut par un mariage et par la naissance, au fil des années, de quatre enfants. Mais à lâge dêtre grand-père et nourri par un solide optimisme et une infatigable énergie, le «rentier», que son amour pour Marie a régénéré, est bien décidé maintenant à repousser lâge de toutes les retraites. | ||
| 700 | 0 | |a Gaston |b Marie |f 1946-.... |4 70 | |
| 900 | |a Roman | ||
| 901 | |a Adultes | ||
| 995 | |a Médiathèque |c Médiathèque |f 089021796 |h 089021796 |k R GAS LV |o p |q a |r ag |e Médiathèque | ||